00842nam a2200217 i 4500001000700000003000900007005001700016007000300033008004100036020001800077100002400095245006900119260003400188300003700222490006600259650005300325830007400378852003200452999001900484952012100503121691ES-MaACL20230906191813.0t|070214s1983 xxu r ||||1| eng d a0-8240-9267-81 aPorter, Roy.99323314aThe earth sciences b: an annotated bibliography / cRoy Porter. aNew York : bGarland, c1983. aXIX, 192 p., 7 lám. ; c23 cm.1 aBibliographies of the History of Science and technology ; v3 4aCiencias de la tierra-xBibliografías.91682700 aBibliographies of the History of Science and technology ; v39218773 aES-MaACLjL-8542 bR.109231 c121691d121691 00104070aATENEOMbATENEOMcDEPO2d2008-01-17eSCl0oL-8542p1126816r2023-02-23 00:00:00w2023-02-23yMONOGRAFIA